000 00475nam a2200157Ia 4500
008 210716s2007 xx 000 0 und d
020 _a9788176567527
041 _aeng
082 _a004 SINP
100 _aSinha, Pradeep K; Sinha, Priti.
245 _aComputer fundamentals: concepts systems and applications.
_bConcepts systems and applications.
250 _a4
260 _aNew Delhi
_bBPB Publications
_c2007
300 _axxvii,457
650 _aComputer Fundamentals
999 _c189876
_d189876